00482nam a2200205Ia 4500008004100000020001800041050001400059100001900073245001600092245002400108245001900132260001500151260001600166260000900182300001500191300002700206300001000233440002500243500000800268170918s9999 xx 000 0 und d a9780516238401 bT473 2000 aThompson, Luke aTornadoes : bnatural disasters / cLuke Thompson. aNew York : bScholastic, c2000 a48 pages : bcolored illustration ; c22cm. aHigh interest books. a980